Catalog

Record Details

Catalog Search



Halloween fraidy cat  Cover Image Book Book

Halloween fraidy cat / by Abby Klein ; illustrated by John McKinley.

Klein, Abby. : (author). McKinley, John, 1956- (illustrator.).

Summary:

Everyone's favorite first grader is back in a Halloween adventure! Freddy Thresher knows that goblins aren’t real, and that haunted houses aren’t really haunted. Or are they?Freddy loves Halloween, but even a scary mask can send chills up his spine. If Freddy can’t overcome his fears before Chloe’s big Halloween party, he’ll look like a fraidy-cat in front of the whole class!

Record details

  • ISBN: 1415684537
  • ISBN: 9781415684535
  • Physical Description: 95 pages : illustrations ; 19 cm.
  • Publisher: New York : Blue Sky Press, 2006.
Subject: Fear > Juvenile fiction.
Haunted houses > Juvenile fiction.
Halloween > Juvenile fiction.
Parties > Juvenile fiction.
Genre: Fiction.
Juvenile works.

Available copies

  • 1 of 1 copy available at scottsboropl.

Holds

  • 0 current holds with 1 total copy.
Show Only Available Copies
Location Call Number / Copy Notes Barcode Shelving Location Status Due Date
scottsboropl JF Kle 32269000868680 Juvenile - Fiction Available -

LDR 01691cam a2200481 a 4500
001132880
003SBPL
00520191011074422.0
008060123s2006 nyua b 000 1 eng
010 . ‡a 2006002228
020 . ‡a1415684537 ‡q(BWI bdg.)
020 . ‡a9781415684535 ‡q(BWI bdg.)
035 . ‡a(CONS)132880
035 . ‡a(OCoLC)522747675
05000. ‡aPZ7.K678323 ‡bHaf 2006
08200. ‡a[E] ‡222
1001 . ‡aKlein, Abby. : ‡eauthor
24510. ‡aHalloween fraidy cat / ‡cby Abby Klein ; illustrated by John McKinley.
260 . ‡aNew York : ‡bBlue Sky Press, ‡c2006.
300 . ‡a95 pages : ‡billustrations ; ‡c19 cm.
336 . ‡atext ‡btxt ‡2rdacontent
337 . ‡aunmediated ‡bn ‡2rdamedia
338 . ‡avolume ‡bnc ‡2rdacarrier
4901 . ‡aReady, Freddy! : ‡vBk 8
520 . ‡aEveryone's favorite first grader is back in a Halloween adventure! Freddy Thresher knows that goblins aren’t real, and that haunted houses aren’t really haunted. Or are they?Freddy loves Halloween, but even a scary mask can send chills up his spine. If Freddy can’t overcome his fears before Chloe’s big Halloween party, he’ll look like a fraidy-cat in front of the whole class!
650 0. ‡aFear ‡vJuvenile fiction.
650 0. ‡aHaunted houses ‡vJuvenile fiction.
650 0. ‡aHalloween ‡vJuvenile fiction.
650 0. ‡aParties ‡vJuvenile fiction.
655 7. ‡aFiction.
655 7. ‡aJuvenile works.
7001 . ‡aMcKinley, John, ‡d1956-: ‡eillustrator.
8001 . ‡aReady, Freddy! : ‡vBk 8
8301 . ‡aKlein, Abby. ‡tReady, Freddy.
901 . ‡a132880 ‡bUnknown ‡c132880 ‡tbiblio

Additional Resources